000 01052ngm a22003370a 4500
001 PT19543
003 AR-LpoUNG
005 20210202000312.0
007 vd cvaizq
008 191001s1966||||xxk|||||||||||||||||eng d
040 _aAR-LpoUNG
_bspa
_cAR-LpoUNG
_eaacr
041 _aeng
044 _axxk
082 0 _a940.27 871mar
100 1 _aBrook, Peter
_edir.
245 1 0 _aMarat-Sade
260 _as.l.
_bEditions Montparnasse,
_c1966.
300 _aVHS (115 min.) : son., col.
505 0 _aVersión cinematográfica de la obra de Peter Weiss
520 _aSe desarrolla en los principios del imperio, cuando las esperanzas revolucionarias son ahogadas por el gobierno dictatorial de Napoleon I. La obra esboza una reflexión sobre la violencia revolucionaria y la violencia individual.
650 4 _aCAMBIO SOCIAL
650 4 _aDRAMA
650 4 _aREVOLUCION
650 4 _aVIOLENCIA
653 _aCINE INGLES
653 _aVHs
653 _aVIDEOS
700 1 _aBirkett, Michael
_eprod.
905 _a19543
942 _cVIDEO
999 _c54571
_d54571